|
|
|
|
| LEADER |
00000nab a2200000uu 4500 |
| 001 |
vtls011460478 |
| 003 |
SK-MaSNL |
| 005 |
20260303151548.0 |
| 008 |
230222|1970 xo |||||||||||||||||cze| |
| 015 |
|
|
|a SNBRB
|
| 035 |
|
|
|a (urnnbn)urn:nbn:sk:snk:ar-a0ac2v
|
| 035 |
|
|
|a (uuid)7fac6565-5be3-4cd8-9b7c-9c24972ce782
|
| 035 |
|
|
|a urn:nbn:sk:snk-abcudh
|
| 040 |
|
|
|a SNKBUCL
|b slo
|c SNKBUCL
|e AACR2
|
| 041 |
0 |
|
|a cze
|
| 044 |
|
|
|a xo
|c SK
|
| 100 |
1 |
|
|a Musil, Jiří
|4 aut
|9 455409
|
| 245 |
1 |
0 |
|a Životní cyklus, bydlení a prostor
|c Jiří Musil
|
| 773 |
0 |
|
|t Životné prostredie : revue pre teóriu a starostlivosť o životné prostredie
|g Roč. 4, č. 4 (1970), s. 185-190
|
| 958 |
|
|
|a OND
|
| 958 |
|
|
|a EUIPO
|
| 958 |
|
|
|a article16
|
| 999 |
|
|
|c 2018313
|d 2020243
|